[Event "Wiesbaden op 30th"]
[Site "Wiesbaden"]
[Date "2018.08.24"]
[Round "3"]
[White "Rowland, Anthony"]
[Black "Baumeister, Lutz"]
[Result "1-0"]
[WhiteElo "1832"]
[BlackElo "1593"]
[PlyCount "83"]
[EventDate "2018.08.23"]
[EventType "swiss"]
[EventRounds "7"]
[EventCountry "GER"]
[SourceTitle "CBM 186 Extra"]
[Source "ChessBase"]
[SourceDate "2018.08.24"]
[SourceVersion "1"]
[SourceVersionDate "2018.08.24"]
[SourceQuality "1"]

1. c4 Nf6 2. Nc3 g6 3. e4 d6 4. d4 Bg7 5. g3 0-0 6. Bg2 c6 7. h3 e5 8. Nf3 exd4 9. Nxd4 Nbd7 10. 0-0 Ne5 11. b3 Qc7 12. Bb2 Re8 13. Qc2 Ned7 14. Rfe1 Nc5 15. Qd1 Nfd7 16. Kh2 Ne5 17. f4 Ned7 18. Qd2 Nf6 19. b4 Ne6 20. Nf3 Rd8 21. Qe2 Nh5 22. Qd2 Bh6 23. Ne2 Bg7 24. Bxg7 Nhxg7 25. Nc3 a6 26. Re3 b5 27. cxb5 axb5 28. Rd3 Ne8 29. Rc1 Qb6 30. g4 Bb7 31. f5 Nf8 32. Rd1 Qc7 33. Kh1 Qe7 34. e5 d5 35. Qf4 f6 36. Re1 fxe5 37. Rxe5 Qg7 38. Rde3 Nd7 39. Re7 Qf8 40. Ng5 Nef6 41. Rf7 Qh6 42. Ree7 1-0

[Event "Wiesbaden op 25th"]
[Site "Wiesbaden"]
[Date "2013.08.24"]
[Round "5"]
[White "Baumeister, Lutz"]
[Black "Wilke, Joerg"]
[Result "0-1"]
[WhiteElo "1617"]
[BlackElo "1926"]
[PlyCount "52"]
[EventDate "2013.08.22"]
[EventType "swiss"]
[EventRounds "7"]
[EventCountry "GER"]
[SourceTitle "EXT 2014"]
[Source "ChessBase"]
[SourceDate "2013.11.20"]
[SourceVersion "1"]
[SourceVersionDate "2013.11.20"]
[SourceQuality "1"]

1. d4 d5 2. Nf3 Nf6 3. e3 Bg4 4. h3 Bh5 5. Nbd2 e6 6. a3 c5 7. c3 Nc6 8. Bb5 Qb6 9. Be2 Be7 10. 0-0 0-0 11. Kh1 Qc7 12. dxc5 Bxc5 13. Nd4 Bg6 14. Nxc6 bxc6 15. Nf3 e5 16. Nh4 Qe7 17. b4 Bb6 18. Bb2 Ne4 19. Nxg6 fxg6 20. Bf3 Nxf2+ 21. Rxf2 e4 22. Bc1 Qe5 23. Bd2 Rf6 24. Qe2 Raf8 25. Raf1 Qg3 26. Kg1 Bc7 0-1